LEADER 01334nam--2200409---450- 001 990003022440203316 005 20071127100842.0 010 $a88-464-3656-3 035 $a000302244 035 $aUSA01000302244 035 $a(ALEPH)000302244USA01 035 $a000302244 100 $a20071127d2002----km-y0itay50------ba 101 $aita 102 $aIT 105 $a||||||||001yy 200 1 $aPsicologia dell'orientamento scolastico e professionale$fCristina Castelli, Lucia Venini (a cura di)$gcontributi di Chiara Ancona ... [et al.] 205 $aNuova edizione aggiornata 210 $aMilano$cF. Angeli$d2002 215 $a288 p.$d23 cm 225 2 $aPsicologia$v130 410 0$12001$aPsicologia 606 0 $aOrientamento professionale$aAspetti psicologici 676 $a158.6 702 1$aCASTELLI,$bCristina 702 1$aVENINI,$bLucia 702 1$aANCONA,$bChiara 801 0$aIT$bsalbc$gISBD 912 $a990003022440203316 951 $aII.3. Coll. 53/ 53$b201545 L.M.$cII.3. Coll.$d00065208 951 $aII.3. Coll. 53/ 53a$b201546 L.M.$cII.3. Coll.$d00065207 959 $aBK 969 $aUMA 979 $aIANNONE$b90$c20071127$lUSA01$h1005 979 $aIANNONE$b90$c20071127$lUSA01$h1008 996 $aPsicologia dell'orientamento scolastico e professionale$91025217 997 $aUNISA LEADER 06365nam 22007695 450 001 9911007465703321 005 20250531130240.0 010 $a3-031-92980-2 024 7 $a10.1007/978-3-031-92980-9 035 $a(CKB)39124566200041 035 $a(DE-He213)978-3-031-92980-9 035 $a(MiAaPQ)EBC32142487 035 $a(Au-PeEL)EBL32142487 035 $a(OCoLC)1524421550 035 $a(EXLCZ)9939124566200041 100 $a20250531d2025 u| 0 101 0 $aeng 135 $aur||||||||||| 181 $ctxt$2rdacontent 182 $cc$2rdamedia 183 $acr$2rdacarrier 200 10$aDistributed, Ambient and Pervasive Interactions $e13th International Conference, DAPI 2025, Held as Part of the 27th HCI International Conference, HCII 2025, Gothenburg, Sweden, June 22?27, 2025, Proceedings, Part II /$fedited by Norbert A. Streitz, Shin'ichi Konomi 205 $a1st ed. 2025. 210 1$aCham :$cSpringer Nature Switzerland :$cImprint: Springer,$d2025. 215 $a1 online resource (XXV, 415 p. 135 illus., 114 illus. in color.) 225 1 $aLecture Notes in Computer Science,$x1611-3349 ;$v15803 311 08$a3-031-92979-9 327 $aSmart Cities and Public Spaces: Exploring the Future of AI, Autonomous Vehicles, and Emerging Technologies in Airport Operations: Stakeholder Perspectives -- Towards Real World Operating Systems for Realizing Smarter Cities -- Smart Public Spaces: Global Trends, Design Strategies, and Technological Innovations -- The Knowledge Commons in the Age of AI: Opportunities and Risks for Urban Smart Learning -- The Design Pattern of Participatory Urban Design for the "-Able City" - Applying Copenhagen?s Pattern to Japanese Case -- A Framework for Adaptive Design: A Conceptual Approach to Smart City User Interfaces -- Discovering Emerging Urban Hotspots Using Satellite Imagery and Human Mobility Data -- A Model of Transfer Resistance for Personalized Trip in Public Transportation -- Building Sustainable Smart Cities on the Hopes of Tech-Savvy Students -- A Role of Smart Villages ? Five Reasons to Start With Smart Villages As Living Lab for Future Smart Cities -- Research on User Experience Design of XR-Enhanced Low-Altitude Business Travel in Smart Cities from the Perspective of Embodied Cognition Theory. eXtended Reality and Robots in Intelligent Environments: A Multipurpose VR-based Skill-Transfer for Robotic Platform -- Exploring the Potential of Telepresence Robots for Individuals Living Abroad and Their Families: A Qualitative Approach -- One Human Many Bots: What are the Costs to Embodying Multiple Avatars During Teleoperations? -- Evaluating Public Reactions to Robots: A Novel Approach for Structured, Real-Time Observations in Field Studies -- Can I Show You Something? ? Expanding the Capabilities of a Telepresence Robot with a Laser Pointer -- Metaverse Tours of Nursery Schools: A Learning Tool for Childcare Workers in ECEC Settings -- Is It Really You? Effects of Avatar Representation in Mediated Communication on Social Presence and Connectedness of Acquaintances. Wellbeing in Intelligent Environments: AI-Enhanced HTP Test Analysis and Emotion Recognition for Personalized Psychotherapy Interventions -- Tippy: Exploring Reality?Virtuality Continuum for Increasing People?s Well-Being through Their Past Memory Recollection -- Air-Puff Eyewear System for Blink Monitoring and Reflexive Blink Induction to Improve Dry Eye -- Eat2pic-Mobile: A Chew-Draw Interactive System for Encouraging Mindful Chewing with Smartphones and Earable Devices -- Empowering Workers with IoT: Enhancing Acceptance and Security of Resilient Smart Workplaces -- Exploring the Impact of the Combination of Lighting Layout Types and Illuminance Levels on Operator Fatigue in Confined Spaces -- Design of a Multi-User Building Thermal Comfort Personalization Interaction System in the Same Space. 330 $aThis two-volume set LNCS 15802-15803 constitutes the refereed proceedings of the 13th International Conference on Distributed, Ambient and Pervasive Interactions, DAPI 2025, held as part of the 27th International Conference on Human-Computer Interaction, HCII 2025, in Gothenburg, Sweden, during June 22-27, 2025. The total of 1430 papers and 355 posters included in the HCII 2025 proceedings was carefully reviewed and selected from 7972 submissions. The two volumes cover the following topics: Part I: Designing and developing intelligent environments; and user experience in intelligent environments. Part II: Smart cities and public spaces; eXtended reality and robots in intelligent environments; and wellbeing in intelligent environments. 410 0$aLecture Notes in Computer Science,$x1611-3349 ;$v15803 606 $aUser interfaces (Computer systems) 606 $aHuman-computer interaction 606 $aComputer networks 606 $aApplication software 606 $aComputers, Special purpose 606 $aSoftware engineering 606 $aArtificial intelligence 606 $aUser Interfaces and Human Computer Interaction 606 $aComputer Communication Networks 606 $aComputer and Information Systems Applications 606 $aSpecial Purpose and Application-Based Systems 606 $aSoftware Engineering 606 $aArtificial Intelligence 615 0$aUser interfaces (Computer systems) 615 0$aHuman-computer interaction. 615 0$aComputer networks. 615 0$aApplication software. 615 0$aComputers, Special purpose. 615 0$aSoftware engineering. 615 0$aArtificial intelligence. 615 14$aUser Interfaces and Human Computer Interaction. 615 24$aComputer Communication Networks. 615 24$aComputer and Information Systems Applications. 615 24$aSpecial Purpose and Application-Based Systems. 615 24$aSoftware Engineering. 615 24$aArtificial Intelligence. 676 $a005.437 676 $a004.019 702 $aStreitz$b N. A$g(Norbert A.),$4edt$4http://id.loc.gov/vocabulary/relators/edt 702 $aKonomi$b Shin?ichi$4edt$4http://id.loc.gov/vocabulary/relators/edt 801 0$bMiAaPQ 801 1$bMiAaPQ 801 2$bMiAaPQ 906 $aBOOK 912 $a9911007465703321 996 $aDistributed, Ambient and Pervasive Interactions$91922166 997 $aUNINA